Actualidad y prospectiva de la profesionalizacin̤ de los servidores pb︢licos municipales en el Estado de Mx̌ico

Detalles Bibliográficos
Autor principal: Morales y Gm̤ez, Juan Miguel
Formato: eBook
Lenguaje:español
Publicado: Ciudad de Mx̌ico: Cm̀ara de Diputados, 2009
Materias:
Acceso en línea:Acceso restringido

MARC

LEADER 00000nam a22000007a 4500
005 20171025165036.0
007 cr|||| ||||
008 171025s2009 mx |||||s|||| 00||0 spa d
035 |a 20762 
040 |a vLex 
090 |c 7141  |d 7141 
100 1 |a Morales y Gm̤ez, Juan Miguel 
245 1 0 |a Actualidad y prospectiva de la profesionalizacin̤ de los servidores pb︢licos municipales en el Estado de Mx̌ico  |h [Recurso electrn̤ico] /  |c Juan Miguel Morales y Gm̤ez 
256 |a servicio en ln̕ea 
260 |a Ciudad de Mx̌ico:  |b Cm̀ara de Diputados,  |c 2009 
300 |a 1 recurso electrn̤ico 
506 1 |a Disponible solo en los productos indicados  |d vLex Global  |d vLex Global (Academic Edition, excluding Law Schools)  |d vLex Global (U.S. Academic Edition, Law Schools)  |d vLex Global (U.S. Academic Edition, excluding Law Schools)  |d vLex Global (Academic Edition, Law Schools) 
650 0 4 |a Derecho Administrativo  |z Mx̌ico 
650 0 4 |a Derecho Pb︢lico  |z Mx̌ico 
650 0 4 |a Derecho Laboral  |z Mx̌ico 
650 0 4 |a Seguridad Social  |z Mx̌ico 
740 0 |a vLex Libros (Servicio en ln̕ea) 
856 4 0 |u http://vlex.com/source/actualidad-prospectiva-profesionalizacion-servidores-publicos-municipales-estado-mexico-20762  |z Acceso restringido 
942 |c BOOK 
999 0 |a Administrative law 
999 0 |a Public law 
999 0 |a Labor laws and legislation